000 00408nam a2200181Ia 4500
001 4783
005 20260306145820.0
008 260306t2008||||xx |||||||||||||| ||spa||
041 _aESP
082 _a330.09
_bR79 2008
100 _aRoll, Eric
_eAUT
245 0 _aHistoria de las doctrinas económicas
260 _c2008
300 _a
_c
650 _aGEN
654 _aCAN
942 _cLIB
_dJUS
_fJUS
_2ddc
_n
999 _c4783
_d4783